|
|
|
|
| LEADER |
00000cam a2200000 a 4500 |
| 001 |
vtls011609613 |
| 003 |
SK-MaSNL |
| 005 |
20260301042441.0 |
| 008 |
240318s2017 xo g d 000 0 slo |
| 015 |
|
|
|a SNBA2017/04
|
| 020 |
|
|
|a 9788088814931
|q (viaz.)
|
| 035 |
|
|
|a 4D703257-5F73-43C1-8040-7A28FBC02C4E
|
| 035 |
|
|
|a urn:nbn:sk:snk-am3ib6f
|
| 035 |
|
|
|a urn:nbn:sk:snk-am00e0n5
|
| 040 |
|
|
|a SNK
|b slo
|c SNK
|e AACR2
|
| 041 |
0 |
|
|a slo
|a cze
|
| 044 |
|
|
|a xo
|c SK
|
| 072 |
|
7 |
|a 81
|x Lingvistika. Jazyky
|2 konspekt
|
| 080 |
|
|
|a 811.162.4
|2 2011
|
| 080 |
|
|
|a 811.162.3
|2 2011
|
| 080 |
|
|
|a (038)81
|2 2011
|
| 100 |
1 |
|
|a Balcová, Táňa
|4 aut
|9 310818
|
| 245 |
1 |
0 |
|a Česko-slovenský a slovensko český diferenčný slovník
|b jazykové rozdiely
|c Táňa Balcová, Štefan Greňa
|
| 250 |
|
|
|a 1. vyd.
|
| 260 |
|
|
|a Bratislava
|b Mikula
|c 2017
|
| 300 |
|
|
|a 431 s.
|c 16 cm
|
| 504 |
|
|
|a Zoznam použitých slovenských skratiek ; zoznam použitých českých skratiek
|
| 650 |
0 |
7 |
|a slovenčina
|2 SNKPH
|9 1350
|
| 650 |
0 |
7 |
|a čeština
|2 SNKPH
|9 1319
|
| 650 |
0 |
7 |
|a Slovak language
|2 SNKPHeng
|9 266031
|
| 650 |
0 |
7 |
|a Czech language
|2 SNKPHeng
|9 288039
|
| 655 |
|
7 |
|a dvojjazyčné prekladové slovníky
|2 SNKPH
|9 70744
|
| 655 |
|
7 |
|a Bilingual translation dictionaries
|2 SNKPHeng
|9 287935
|
| 700 |
1 |
|
|a Greňa, Štefan
|4 aut
|9 11334
|
| 919 |
|
|
|a 978-80-88814-93-1
|
| 999 |
|
|
|c 591007
|d 592937
|
| 952 |
|
|
|a SNK
|b SNK
|y PREZ
|7 0
|p 17A1256650
|o snkSD 86139
|i snk2017/8297
|8 0
|0 0
|1 0
|4 0
|d 2017-04-05
|f 1
|l 0
|r 2026-02-23 15:23:52
|w 2026-02-23
|
| 952 |
|
|
|a SNK
|b SNK
|y VYP
|7 0
|p 17A1256651
|o snkSD 86139 D1
|i snk2017/8298
|8 0
|0 0
|1 0
|4 0
|d 2017-04-05
|l 0
|r 2026-02-23 15:23:52
|w 2026-02-23
|